A Treasury of favourite tales. (Record no. 115096)
[ view plain ]
| 000 -LEADER | |
|---|---|
| fixed length control field | 00615nam a2200181 a 4500 |
| 005 - DATE AND TIME OF LATEST TRANSACTION | |
| control field | 20140414132122.0 |
| 008 - FIXED-LENGTH DATA ELEMENTS--GENERAL INFORMATION | |
| fixed length control field | 121010s19uu xx 00 eng d |
| 050 ## - LIBRARY OF CONGRESS CALL NUMBER | |
| Classification number | M 398.2 |
| Item number | Mc479 1997 |
| 100 ## - MAIN ENTRY--PERSONAL NAME | |
| Personal name | Mckie, Anne |
| 245 ## - TITLE STATEMENT | |
| Title | A Treasury of favourite tales. |
| 260 ## - PUBLICATION, DISTRIBUTION, ETC. (IMPRINT) | |
| Place of publication, distribution, etc | London : |
| Name of publisher, distributor, etc | Grandreams Limited, |
| Date of publication, distribution, etc | 1992. |
| 300 ## - PHYSICAL DESCRIPTION | |
| Extent | 96 |
| 500 ## - GENERAL NOTE | |
| General note | Gulliver's travels. The Frog prince. Cinderella. Ali Baba. The Emperor's new clothes. Rumpelstiltskin. The Little tin soldier. Thumbelina. |
| 650 ## - SUBJECT ADDED ENTRY--TOPICAL TERM | |
| Topical term or geographic name as entry element | Fairy tales-fiction-compilation. |
| 700 ## - ADDED ENTRY--PERSONAL NAME | |
| Personal name | Ken Mckie (illustrator) |
| Withdrawn status | Lost status | Damaged status | Home library | Current library | Shelving location | Date acquired | Source of acquisition | Total Checkouts | Full call number | Barcode | Date last seen | Price effective from | Koha item type |
|---|---|---|---|---|---|---|---|---|---|---|---|---|---|
| Munich Library | Munich Library | Main Section | 10/10/2012 | M 398.2 Mc479 1997 | M7094 | 04/14/2014 | 04/14/2014 | Books | |||||
| Munich Library | Munich Library | Main Section | 10/10/2012 | M 398.2 Mc479 1997 | M7087 | 04/14/2014 | 04/14/2014 | Books |